<?xml version="1.0" encoding="UTF-8"?><?xml-stylesheet type="text/xsl" href="static/style.xsl"?><OAI-PMH xmlns="http://www.openarchives.org/OAI/2.0/" xmlns:xsi="http://www.w3.org/2001/XMLSchema-instance" xsi:schemaLocation="http://www.openarchives.org/OAI/2.0/ http://www.openarchives.org/OAI/2.0/OAI-PMH.xsd"><responseDate>2026-04-14T04:35:33Z</responseDate><request verb="GetRecord" identifier="oai:www.recercat.cat:10230/54394" metadataPrefix="marc">https://recercat.cat/oai/request</request><GetRecord><record><header><identifier>oai:recercat.cat:10230/54394</identifier><datestamp>2025-12-18T01:17:05Z</datestamp><setSpec>com_2072_6</setSpec><setSpec>col_2072_452952</setSpec></header><metadata><record xmlns="http://www.loc.gov/MARC21/slim" xmlns:dcterms="http://purl.org/dc/terms/" xmlns:xsi="http://www.w3.org/2001/XMLSchema-instance" xmlns:doc="http://www.lyncode.com/xoai" xsi:schemaLocation="http://www.loc.gov/MARC21/slim http://www.loc.gov/standards/marcxml/schema/MARC21slim.xsd">
   <leader>00925njm 22002777a 4500</leader>
   <datafield ind2=" " ind1=" " tag="042">
      <subfield code="a">dc</subfield>
   </datafield>
   <datafield ind2=" " ind1=" " tag="720">
      <subfield code="a">Esteban-Sepúlveda, Silvia</subfield>
      <subfield code="e">author</subfield>
   </datafield>
   <datafield ind2=" " ind1=" " tag="720">
      <subfield code="a">Terradas Robledo, Roser</subfield>
      <subfield code="e">author</subfield>
   </datafield>
   <datafield ind2=" " ind1=" " tag="720">
      <subfield code="a">Castro Ribeiro, Thaís</subfield>
      <subfield code="e">author</subfield>
   </datafield>
   <datafield ind2=" " ind1=" " tag="720">
      <subfield code="a">García Pagès, Esther</subfield>
      <subfield code="e">author</subfield>
   </datafield>
   <datafield ind2=" " ind1=" " tag="720">
      <subfield code="a">Sobregrau Sangrà, Pau</subfield>
      <subfield code="e">author</subfield>
   </datafield>
   <datafield ind2=" " ind1=" " tag="720">
      <subfield code="a">Lacueva-Pérez, Laia</subfield>
      <subfield code="e">author</subfield>
   </datafield>
   <datafield ind2=" " ind1=" " tag="260">
      <subfield code="c">2022-10-14T06:04:58Z</subfield>
   </datafield>
   <datafield ind2=" " ind1=" " tag="260">
      <subfield code="c">2022</subfield>
   </datafield>
   <datafield ind2=" " ind1=" " tag="520">
      <subfield code="a">Objetivo: Determinar el impacto que ha tenido la pandemia COVID-19 en profesionales sanitarios, en términos de cambios laborales y de salud mental. Método: 1)Estudio transversal y 2) estudio longitudinal prospectivo sobre profesionales de la salud que trabajaron de forma directa con pacientes afectados por la pandemia COVID-19 durante el periodo comprendido entre marzo-junio de 2020 en un hospital de tercer nivel de Barcelona. Se recogieron datos basales (julio-noviembre de 2020) y de seguimiento (noviembre de 2020-marzo de 2021). Se recogieron datos relacionados con el puesto de trabajo y hábitos tóxicos con cuestionarios ad hoc, y de estrés percibido, estrés postraumático, depresión y ansiedad mediante cuestionarios validados. Resultados: En el grupo basal (estudio transversal) participaron 90 profesionales, 76% enfermeras. Más de un tercio estuvo de baja o tomó fármacos para gestionar el estrés. La mitad de los fumadores aumentó el consumo de tabaco, y uno de cada 5 aumentó el consumo de alcohol. Se asocia de forma significativa el cambio de turno habitual con la depresión, el perfil profesional con la ansiedad, y el estrés percibido con la edad. En el estudio longitudinal, el grupo de seguimiento (n=64) muestra niveles elevados de estrés y ansiedad, que se mantienen o incluso aumentan en el tiempo de forma significativa. Conclusiones: Los cambios estructurales acontecidos en el hospital durante la primera ola de la pandemia por la COVID-19 tuvieron un fuerte impacto en los profesionales, presentando muchos de ellos un aumento en los hábitos tóxicos, así como una salud mental alterada que se mantiene en el tiempo.</subfield>
   </datafield>
   <datafield ind2=" " ind1=" " tag="520">
      <subfield code="a">Objective: To determine the impact that the COVID-19 pandemic has had on health professionals, in terms of work changes and mental health. Method: 1) Cross-sectional study and 2) longitudinal prospective study on health professionals who worked directly with patients affected by COVID-19 pandemic during the period between March-June 2020 in a tertiary hospital in Barcelona. Baseline (July-November 2020) and follow-up (November 2020-March 2021) data were collected. Data related to the job and toxic habits were collected with ad hoc questionnaires, and data related to perceived stress, post-traumatic stress, depression, and anxiety using validated questionnaires. Results: In the baseline group (cross-sectional study), 90 professionals participated, 76% nurses. More than a third were on sick leave or took drugs to manage stress. Half of smokers increased tobacco use, and one in 5 increased alcohol consumption. Habitual shift change is significantly associated with depression, professional profile with anxiety, and perceived stress with age. In the longitudinal prospective study, the follow-up group (n = 64) shows high levels of stress and anxiety, which are maintained or even significantly increased over time. Conclusions: The structural changes that occurred in the hospital during the first wave of the COVID-19 pandemic had a strong impact on professionals, many of them presenting an increase in toxic habits, as well as impaired mental health that is maintained over time.</subfield>
   </datafield>
   <datafield tag="653" ind2=" " ind1=" ">
      <subfield code="a">Trastornos de estrés traumático</subfield>
   </datafield>
   <datafield tag="653" ind2=" " ind1=" ">
      <subfield code="a">Ansiedad</subfield>
   </datafield>
   <datafield tag="653" ind2=" " ind1=" ">
      <subfield code="a">COVID-19</subfield>
   </datafield>
   <datafield tag="653" ind2=" " ind1=" ">
      <subfield code="a">Salud mental</subfield>
   </datafield>
   <datafield tag="653" ind2=" " ind1=" ">
      <subfield code="a">Profesionales de la salud</subfield>
   </datafield>
   <datafield tag="653" ind2=" " ind1=" ">
      <subfield code="a">Anxiety disorder</subfield>
   </datafield>
   <datafield tag="653" ind2=" " ind1=" ">
      <subfield code="a">COVID-19</subfield>
   </datafield>
   <datafield tag="653" ind2=" " ind1=" ">
      <subfield code="a">Health care professionals</subfield>
   </datafield>
   <datafield tag="653" ind2=" " ind1=" ">
      <subfield code="a">Mental health</subfield>
   </datafield>
   <datafield tag="653" ind2=" " ind1=" ">
      <subfield code="a">Post traumatic stress disorder</subfield>
   </datafield>
   <datafield ind2="0" ind1="0" tag="245">
      <subfield code="a">Pandemia COVID-19 sobre profesionales sanitarios en un hospital de tercer nivel en España: cambios laborales durante la primera ola, salud mental a los 4 meses y seguimiento a los 9 meses</subfield>
   </datafield>
   <datafield ind2="0" ind1="0" tag="245">
      <subfield code="a">COVID-19 pandemic on health professionals in a third level hospital in Spain: job changes during the first wave, mental health at 4 months, and follow-up at 9 months</subfield>
   </datafield>
</record></metadata></record></GetRecord></OAI-PMH>